Cómo medir la satisfacción del cliente /

Contenido: Introducción; Establecimiento de objetivos y planeación de proyectos; Investigación de exploración; Muestreos; Opciones de encuestas; Aumentar al máximo los niveles de respuesta; Diseño de cuestionarios; Escalas de calificación; Presentación de la encuesta; Análisis de los resultados; Ben...

Celý popis

Uloženo v:
Podrobná bibliografie
Hlavní autor: Hill, Nigel (autor)
Další autoři: Brierley, John (autor) (autor), MacDougall, Rob (autor) (autor)
Médium: Kniha
Jazyk:španělština
Vydáno: México : Panorama, 2002, c2002
Témata:
Tagy: Přidat tag
Žádné tagy, Buďte první, kdo vytvoří štítek k tomuto záznamu!

MARC

LEADER 00000nam^a2200000^a^4500
001 000187067
005 20250521000000.0
009 20260310102247.642
020 |a 968-38-1046-2 
037 |a Acervo ITESO - Biblioteca 
041 |a ESP 
082 |a 658. 834  |b HIL 
100 |a Hill, Nigel  |e (autor) 
245 1 0 |a Cómo medir la satisfacción del cliente /  |c N. Hill, J. Brierley, R. MacDougall ; tr. por Juan Carlos Jolly. 
264 4 |a México :  |b Panorama,  |c 2002, c2002 
300 |a 171 p. 
336 |a texto  |b txt  |2 rdacontenido 
337 |a sin mediación  |b n  |2 rdamedio 
338 |a volumen  |b nc  |2 rdasoporte 
500 |a Traducción de: How to Measure Customer Satisfaction 
520 |a Contenido: Introducción; Establecimiento de objetivos y planeación de proyectos; Investigación de exploración; Muestreos; Opciones de encuestas; Aumentar al máximo los niveles de respuesta; Diseño de cuestionarios; Escalas de calificación; Presentación de la encuesta; Análisis de los resultados; Benchmarking del desempeño; La encuesta interna; Retroalimentación; Satisfacción, deleite, lealtad; Apéndices: Cuestionario para ser llenado por los propios clientes; Cuestionario de encuesta telefónica; Cuestionario de encuesta interna; Benchkmark de satisfacción. 
649 |a XX 
650 |a Empresas -  |x Administración 
650 |a Clientes 
650 |a Atención al Cliente -  |x Medición 
650 |a Relaciones Públicas 
650 |a Mezcla de Mercadotecnia 
650 |a Mercadotecnia 
650 |a Calidad en el Servicio 
650 |a Benchmarking 
650 |a Calidad Total 
650 |a Administración 
650 |a Ciencias Administrativas 
700 |a Brierley, John  |e (autor) 
700 |a MacDougall, Rob  |e (autor) 
910 |a Fondo General 
920 |a Impresos - Libros 
930 |a Colección General 
905 |a 101 
901 |a 0500128950  |b IT1  |c ACC  |u 20250521 
902 |a https://opac.biblio.iteso.mx/vufind/Record/000187067